000 00827nam a2200265Ia 4500
001 Z_3400
008 220601s9999 xx 000 0 und d
082 _a636.30852 P79
100 _aPryor, W. J.
_992550
245 _aNutrición de ovidos / W. J. Pryor; tradución Pedro Ducar Maluenda
260 _aEspaña : Acribia
300 _a79 p.
500 _aTraducción de la obra en inglés: Sheep nutrition
503 _aej.1: s/n \ ej.2: s/n
650 _a1. Ovejas
650 _aAlimentación de ovinos
_9143746
650 _aPequeños rumiantes -- Nutrición animal
650 _aRequerimientos nutritivos
_9141553
700 _aDucar Maluenda, Pedro, tr.Ì
901 _a636.30852 P79
902 _aM
905 _a5232271972 sp n 8222223322spa16
942 _c1
999 _c216908
_d216908